00819nam a2200205Ia 4500008004100000020001800041041000800059082001900067100002200086245004000108260003800148300000900186650002800195700003200223999001700255500002000272500001100292952015500303952015500458230125s9999 xx 000 0 und d a0-7499-1148-4 aeng a174.4bBRE BLO aBrennan L9108546 aComplete book of business etiquette c1996bPiatkus publicationaLondon a189p aBusiness Ethics9106801 aBrennan L & Block D9108547 c85352d85352 aBusiness Ethics aEthics 00104070aHIMRbHIMRd1998-07-14eWord Book Shopg177.00l0o174.4 BRE/BLO B01055pHIMR-BK-1055r2023-01-25 00:00:00v177.00w1998-10-07yBKzB01055 00104070aHIMRbHIMRd1999-08-06eWord Book Shopg395.00l0o174.4 BRE/BLO B01730pHIMR-BK-1730r2023-01-25 00:00:00v395.00w1999-06-08yBKzB01730